|
|
|
|
| LEADER |
00000nab a2200000 a 4500 |
| 001 |
vtls000889566 |
| 003 |
SK-MaSNL |
| 005 |
20260304142416.0 |
| 008 |
250505c2002 xo mr|p|||||||000 b|slo |
| 015 |
|
|
|a SNBRB2004/11
|2 snkbucl
|
| 035 |
|
|
|a (uuid)b6714bd4-beca-44b2-958c-971a260ead83
|
| 035 |
|
|
|a urn:nbn:sk:snk-abbxzx
|
| 035 |
|
|
|a (urnnbn)urn:nbn:sk:snk:ar-003qcu
|
| 038 |
|
|
|a SNKBUCL
|
| 040 |
|
|
|a SNKBUCL
|b slo
|c SNKBUCL
|e AACR2
|
| 041 |
0 |
|
|a slo
|
| 044 |
|
|
|a xo
|c SK
|
| 080 |
|
|
|a 82.09:821.162.4-1
|x (048)
|2 1997
|
| 080 |
|
|
|a 821.162.4-1
|x (048)
|2 1997
|
| 100 |
1 |
|
|a Mitrík, Martin
|4 aut
|9 1082634
|
| 245 |
1 |
0 |
|a Natália Chovancová: Slová ako prívesok
|c Martin Mitrík
|
| 650 |
0 |
7 |
|a slovenská poézia
|2 snkbucl
|9 215422
|
| 655 |
|
7 |
|a recenzie
|2 snkbucl
|9 21907
|
| 773 |
0 |
|
|t Dotyky
|g Roč. XIV, č. 3-4 (2002), s. 135
|x 1210-2210
|
| 787 |
0 |
8 |
|i Rec.:
|a Chovancová, Natália, 1983-
|t Slová ako prívesok
|d Bratislava : Procom, 2002
|z 8085717085
|
| 850 |
|
|
|a Slovenská národná knižnica
|
| 852 |
|
|
|a Slovenská národná knižnica
|
| 958 |
|
|
|a article15
|
| 958 |
|
|
|a OND
|
| 958 |
|
|
|a LX
|
| 958 |
|
|
|a RC
|
| 958 |
|
|
|a EUIPO
|
| 999 |
|
|
|c 2921021
|d 2922951
|